The wheels on the bus : (Record no. 3822)

MARC details
000 -LEADER
fixed length control field 01005nam a22002897a 4500
001 - CONTROL NUMBER
control field 3822
003 - CONTROL NUMBER IDENTIFIER
control field FISKH
005 - DATE AND TIME OF LATEST TRANSACTION
control field 20260129080750.0
008 - FIXED-LENGTH DATA ELEMENTS--GENERAL INFORMATION
fixed length control field 240515b cb ||||| |||| 00| 0 eng d
020 ## - INTERNATIONAL STANDARD BOOK NUMBER
International Standard Book Number 9780859531368
040 ## - CATALOGING SOURCE
Original cataloging agency FISKH
Language of cataloging eng
Transcribing agency FISKH
Modifying agency FISKH
050 ## - LIBRARY OF CONGRESS CALL NUMBER
Classification number PZ8.3
082 ## - DEWEY DECIMAL CLASSIFICATION NUMBER
Classification number 398.8
100 ## - MAIN ENTRY--PERSONAL NAME
Personal name Kubler, Annie
245 ## - TITLE STATEMENT
Title The wheels on the bus :
Remainder of title go round and round /
Statement of responsibility, etc. illustrated by Annie Kubler
260 ## - PUBLICATION, DISTRIBUTION, ETC.
Place of publication, distribution, etc. Swindon :
Name of publisher, distributor, etc. Child's play ;
Date of publication, distribution, etc. 2001
300 ## - PHYSICAL DESCRIPTION
Extent 16 unnumbered pages :
Other physical details color illustrations ;
Dimensions 21 cm .
490 ## - SERIES STATEMENT
Series statement Classic Books with Holes
505 ## - FORMATTED CONTENTS NOTE
Formatted contents note F <br/>
520 ## - SUMMARY, ETC.
Summary, etc. In this version of the classic song, the wheels go round, the wipers go swish, the driver says "Tickets Please!" and so on, all around the town. Features die-cut pages.
521 8# - TARGET AUDIENCE NOTE
Target audience note 300 <br/>
Source Lexile estimate <br/>
521 8# - TARGET AUDIENCE NOTE
Target audience note F <br/>
Source Raz-Plus <br/>
650 ## - SUBJECT ADDED ENTRY--TOPICAL TERM
Topical term or geographic name entry element transportation
Form subdivision children's fiction
700 ## - ADDED ENTRY--PERSONAL NAME
Personal name Kubler, Annie
Relator term illustrator
942 ## - ADDED ENTRY ELEMENTS (KOHA)
Source of classification or shelving scheme Dewey Decimal Classification
Koha item type Books
Suppress in OPAC No
Holdings
Withdrawn status Lost status Source of classification or shelving scheme Damaged status Not for loan Collection Home library Current library Shelving location Date acquired Total Checkouts Full call number Barcode Date last seen Date last checked out Price effective from Koha item type
    Dewey Decimal Classification     Juvenile Fiction Footprints International School Library Network Toul Tom Poung Campus Footprints International School Library Network Toul Tom Poung Campus TTP Primary Green Bookshelves 05/15/2024 2 KUB 398.8 PZ8.3 FISTK02714 01/29/2026 01/22/2026 05/15/2024 Books